000 00303nam a22001217a 4500
003 OSt
008 250211b |||||||| |||| 00| 0 eng d
041 _aeng
100 _aVenugopal, KR
_97114
245 _ad Base 111 plus made simple with d Base W and Fox Base
700 _aVimala, HS
_97115
942 _cBK
999 _c19345
_d19345